The talent delusion : (Record no. 57741)

MARC details
000 -LEADER
fixed length control field 01095nam\a2200301\a\4500
001 - CONTROL NUMBER
control field 57741
005 - DATE AND TIME OF LATEST TRANSACTION
control field 20260402152517.0
008 - FIXED-LENGTH DATA ELEMENTS--GENERAL INFORMATION
fixed length control field 260402t20172017enka b 001 0 eng d
020 ## - INTERNATIONAL STANDARD BOOK NUMBER
ISBN 9780349412481
Qualifying information (paperback)
040 ## - CATALOGING SOURCE
Original cataloging agency YDXCP
Language of cataloging eng
Transcribing agency YDXCP
Description conventions rda
Modifying agency OCLCQ
-- UAB
-- OCLCF
-- LSD
-- BD-DhIUB
042 ## - AUTHENTICATION CODE
Authentication code lccopycat
050 00 - LIBRARY OF CONGRESS CALL NUMBER
Classification number HF5549.5.S38
Item number C46 2017
082 04 - DEWEY DECIMAL CLASSIFICATION NUMBER
Classification number 658.3/112
Edition number 23
100 1# - MAIN ENTRY--PERSONAL NAME
Personal name Chamorro-Premuzic, Tomas,
Relator term author.
245 14 - TITLE STATEMENT
Title The talent delusion :
Remainder of title the new psychology of human potential /
Statement of responsibility, etc Tomas Chamorro-Premuzic, Ph.D.
246 34 - VARYING FORM OF TITLE
Title proper/short title Talent delusion :
Remainder of title why data, not intuition, is the key to unlocking human potential
260 ## - PUBLICATION, DISTRIBUTION, ETC. (IMPRINT)
Place of publication, distribution, etc UK:
Name of publisher, distributor, etc Piatus
Date of publication, distribution, etc 2017
300 ## - PHYSICAL DESCRIPTION
Extent xvii, 283 pages :
Other physical details illustrations ;
Dimensions 24 cm
504 ## - BIBLIOGRAPHY, ETC. NOTE
Bibliography, etc Includes bibliographical references (pages 235-272) and index.
526 ## - STUDY PROGRAM INFORMATION NOTE
School name School of Business and Entrepreneurship
Department HRM
Shelving Location Reference Stacks
541 ## - IMMEDIATE SOURCE OF ACQUISITION NOTE
Source of acquisition Trim Education
650 #0 - SUBJECT ADDED ENTRY--TOPICAL TERM
Topical term or geographic name as entry element Employee selection.
650 #0 - SUBJECT ADDED ENTRY--TOPICAL TERM
Topical term or geographic name as entry element Personnel management.
650 #0 - SUBJECT ADDED ENTRY--TOPICAL TERM
Topical term or geographic name as entry element Psychology, Industrial.
650 #0 - SUBJECT ADDED ENTRY--TOPICAL TERM
Topical term or geographic name as entry element Psychology, Applied.
942 ## - ADDED ENTRY ELEMENTS (KOHA)
Source of classification or shelving scheme Dewey Decimal Classification
Koha item type Books
Holdings
Withdrawn status Lost status Source of classification or shelving scheme Damaged status Not for loan Home library Current library Shelving location Date acquired Source of acquisition Cost, normal purchase price Serial Enumeration / chronology Total Checkouts Full call number Barcode Date last seen Copy number Cost, replacement price Price effective from Koha item type
    Dewey Decimal Classification   Not For Loan Library, Independent University, Bangladesh (IUB) Library, Independent University, Bangladesh (IUB) Reference Stacks 24/03/2026 Purchase 3000.00 2017   658.3112 C442t 029593 02/04/2026 01 6000.00 24/03/2026 Books
    Dewey Decimal Classification   Not For Loan Library, Independent University, Bangladesh (IUB) Library, Independent University, Bangladesh (IUB) Reference Stacks 24/03/2026 Purchase 3000.00 2017   658.3112 C442t 029594 02/04/2026 02 6000.00 24/03/2026 Books